01279cam a2200337 a 4500999001900000001000800019003000500027005001700032008004100049010001700090020002800107020003500135040001800170050002000188082002300208100002700231245004700258260003600305300003200341440006200373500000800435504006400443650003300507650003100540650003200571856007400603856008900677906004500766942001800811952011200829 c331911d3319111123069NUST20171102103133.0940121s1994 nyua b 001 0 eng  a 94003875  a0471309850 (alk. paper) a0471309869 (alk. paper : pbk.) aDLCcDLCdDLC00aQR48b.B53 199400a628.301576 BIT2201 aBitton, Gabriel.9583110aWastewater microbiology /cGabriel Bitton. aNew York :bWiley-Liss,cc1994. ax, 478 p. :bill. ;c26 cm. 0aWiley series in ecological and applied microbiology95832 aP.B aIncludes bibliographical references p. (381-448) and index. 0aSanitary microbiology.92527 0aWaterxMicrobiology.95833 0aSewagexMicrobiology.958344 3Table of Contentsuhttp://www.loc.gov/catdir/toc/onix05/94003875.html423Publisher descriptionuhttp://www.loc.gov/catdir/enhancements/fy0706/94003875-d.html a7bcbccorignewd1eocipf19gy-gencatlg 2ddccBKkIESE 00102ddc40708NFICaIESEbIESEcGENd2017-11-02l0o628.301576 BITpIESE-204r2017-11-02w2017-11-02yBK